000 004380000a22001810004500
001 004141
003 MACL
005 20150704161030.0
008 150704b xxu||||| |||| 00| 0 eng d
040 _aMACL
_cMACL
041 _aEnglish
100 _aJatava, D.R.
_9683
245 _aThe Hindu Socialogy
_cD.R. Jatava
260 _aJaipur
_c2001
_bSurabhi Publications,
350 _a450
650 _aSociology
_919
942 _k301
_cBK
_2ddc
999 _c16032
_d16032